Holidays Of The World Picture Quiz - Statistics

General Stats
  • This quiz has been taken 218 times
    217 since last reset
  • The average score is 10 of 15
Answer Stats
Picture Answer % Correct
Christmas
97%
Halloween
93%
Easter
92%
St Patrick's day
81%
Valentine"s Day
81%
Independence Day/Fourth of July
80%
Hanukkah
76%
New Year
75%
Thanksgiving
73%
Dia de los Muertos
71%
Chinese New Year
58%
Canada Day
51%
Boxing Day
42%
Diwali
31%
Sveriges Nationaldag
25%
No matching quizzes found
Score Distribution
Percent of People with Each Score
Percentile by Number Answered
Your Score History
You have not taken this quiz since the last reset